00660nam a2200157 a 4500003000200000005001700002008004100019050002900060100002700089245013600116260009000252300004000342504004100382650003200423650004700455020250318122001.0080923s19uu xx 00 eng d aPHS BF 723.S3b.So1 2008 aSoriano, Jed Joshua R. aParticipation in CGS and self-esteem of selected students of Southville International School and Colleges /cJed Joshua R. Soriano. aLas Piñas City, Philippines :bSouthville International School and Colleges,c2008. a35 pages :billustrations ;c28 cm. aIncludes bibliographical references. aSelf-esteem in adolescence. aStudent activitiesxPsychological aspects.